000 00447nam a2200157 i 4500
001 88666
003 ES-MaACL
005 20230906175912.0
007 t|
008 050105s1929 sp ||||1| spa d
100 1 _aLandaburu, F. Javier.
_969923
245 1 0 _aFray Francisco de Vitoria era de Vitoria /
_cF. Javier Landaburu.
260 _aVitoria :
_b[s.n.,
_c1929] (
_fTip. Moderna)
300 _a86 p. ;
_c21 cm.
852 _aES-MaACL
_j1734-F-15
999 _c88666
_d88666